Failures of Forgiveness (Record no. 43564)

MARC details
000 -LEADER
fixed length control field 00461 a2200169 4500
005 - DATE AND TIME OF LATEST TRANSACTION
control field 20250404153649.0
008 - FIXED-LENGTH DATA ELEMENTS--GENERAL INFORMATION
fixed length control field 250404b |||||||| |||| 00| 0 eng d
020 ## - INTERNATIONAL STANDARD BOOK NUMBER
International Standard Book Number 9780691223193
041 ## - LANGUAGE CODE
Language code of text/sound track or separate title eng
082 ## - DEWEY DECIMAL CLASSIFICATION NUMBER
Classification number 155.92 CHE
100 ## - MAIN ENTRY--PERSONAL NAME
Author Cherry, Myisha
245 ## - TITLE STATEMENT
Title Failures of Forgiveness
260 ## - PUBLICATION, DISTRIBUTION, ETC.
Place New Jersey
Publisher Princeton Univeinrity Pres
Publication Year 2023
300 ## - PHYSICAL DESCRIPTION
Extent 227;. pages: 23 cm
650 ## - SUBJECT ADDED ENTRY--TOPICAL TERM
Subject Forgiveness-Philosophy; Restorative Justice
942 ## - ADDED ENTRY ELEMENTS (KOHA)
Koha item type Books
Holdings
Withdrawn status Lost status Source of classification or shelving scheme Damaged status Not for loan Home library Current library Shelving location Accession Date Vendor Price Bill number Total Checkouts Full call number Barcode No Date last seen Discount Bill Date Koha item type Suggested By
    Dewey Decimal Classification     IMTN IMTN Rack 1-B 03/27/2025 Raghav Books Private Limited 2507.12 2374   155.92 CHE 33838 04/04/2025 33 02/14/2025 Books Dr. Mantha Raghu (Head Librarian)
Designed & Maintained by: LRC IMT Nagpur Contact: lrc@imtnag.ac.in© 2024. All Rights Reserved.